| 000 | 01170nam a2200241 a 4500 | ||
|---|---|---|---|
| 001 | 000027481 | ||
| 005 | 20200930030851.0 | ||
| 008 | 100830s1999 dr acd 001 0 spa d | ||
| 040 |
_aDO-SdBNP _bspa _cBNPHU |
||
| 082 |
_axxxx _bC823l |
||
| 100 | 1 |
_aCorral, Julio _954558 |
|
| 245 | 1 | 0 |
_aLineamientos de políticas de desarrollo urbano para la ciudad de Fernando de Montecristi / _cJulio Corral, Rosa A. María , Miguel Martínez; prólogo Mercedes Sabater de Macarrulla. |
| 260 |
_aSantiago de los Caballeros, República Dominicana : _bConsejo Nacional de Asuntos Urbanos _bPontificia Universidad Católica Madre y Maestra : _bCentro de Estudios Urbanos y Regionales, _c1999. |
||
| 300 |
_a230 p. : _bil., map., retrs. |
||
| 504 | _aIncluye bibliografía (p.191-194) | ||
| 700 | 1 |
_aMaría, Rosa _954561 |
|
| 700 | 1 |
_aMartínez, Miguel _932841 |
|
| 700 | 1 |
_aSabater de Macarrulla, Mercedes _epról. _943939 |
|
| 710 | 1 |
_aRepública Dominicana. _bConsejo Nacional de Asuntos Urbanos (CONAU) _944076 |
|
| 710 | 1 |
_aRepública Dominicana _bPontificia Universidad Católica Madre y Maestra _954562 |
|
| 710 | 1 |
_aCentro de Estudios Urbanos y Regionales _914521 |
|
| 049 | _aBNPD | ||
| 999 |
_c26973 _d26973 |
||